Inventarizácia majetku a záväzkov vo vybranej podnikateľskej účtovnej jednotke bakalárska práca

Salvato in:
Dettagli Bibliografici
Autore principale: Polák, Juraj
Ente Autore: Fakulta hospodárskej informatiky EU. Katedra účtovníctva a audítorstva
Altri autori: Užíková, Lenka, 1996-
Natura: Libro
Lingua:slovacco
Pubblicazione: Bratislava 2021
Tags: Aggiungi Tag
Nessun Tag, puoi essere il primo ad aggiungerne!!

MARC

LEADER 00000nbm a2200000 4500
001 0279338
005 20220322142649.0
041 0 |a slo 
044 |a SK 
245 1 0 |a Inventarizácia majetku a záväzkov vo vybranej podnikateľskej účtovnej jednotke  |b bakalárska práca  |c Juraj Polák ; školiteľ: Lenka Užíková 
264 1 |a Bratislava  |c 2021 
300 |a 45 s. 
100 1 |a Polák, Juraj 
700 1 |a Užíková, Lenka, 1996- 
710 2 |a Fakulta hospodárskej informatiky EU. Katedra účtovníctva a audítorstva